Top 20 largest countries - Statistics

General Stats
  • This quiz has been taken 55 times
  • The average score is 17 of 20
Answers on the Map
Answers color-coded by a green-red scale on the quiz's map according to % correct below.
 
Answer Stats
Answer % Correct
Australia
100%
Brazil
100%
Canada
100%
India
100%
Russia
100%
China
98%
Mexico
98%
Usa
98%
Argentina
96%
Mongolia
89%
Iran
87%
Algeria
85%
D.R. Congo
85%
Saudi arabia
83%
Sudan
78%
Libya
76%
Chad
70%
Indonesia
67%
Peru
67%
Kazachstan
11%
No matching quizzes found
Score Distribution
Percent of People with Each Score
Percentile by Number Answered
Your Score History
You have not taken this quiz